| 000 | 00677nab a2200205 4500 | ||
|---|---|---|---|
| 999 |
_c370779 _d370779 |
||
| 001 | 4 | ||
| 003 | OSt | ||
| 005 | 20210917083803.0 | ||
| 007 | tu | ||
| 008 | |||||||||||| | ||
| 040 |
_aDE-2950 _cDE-2950 |
||
| 245 | 0 | 0 |
_aKeynote: Industriekultur - und Denkmalpflege in pandemischen Zeiten / _cThomas Drachenberg |
| 260 | _c2021 | ||
| 505 | _aDarin: Johannes Hentze (später Johannes von Blanckenburg), 1559-1609, als Student in Frankfurt (Oder). Epitaphe der St. Marienkirche zu Bernau | ||
| 525 | _aEnthaltene Fotografien: Fotos | ||
| 653 | _aPandemie / Corona | ||
| 653 | _aDenkmalpflege | ||
| 773 | 0 |
_gI/2021, S. 3-7 _tBrandenburgische Denkmalpflege |
|
| 942 |
_2z _cA |
||